000 00658nam a2200277Ia 4500
005 20260121125527.0
008 008 260114s9999 xx 000 0 eng d
020 _a9781487592899
037 _aEBOOK
040 _aCRL
040 _beng
040 _cCRL
041 _2eng
041 _aeng
084 _qCRL
100 _aHearn, Gordon
_9994483
245 0 _aTheory Building in Social Work
260 _bWalter de Gruyter
260 _bWalter de Gruyter
260 _c1958
650 _aSocial Work
_9994484
856 _uhttp://www.degruyter.com/isbn/9781487592899
942 _cEBOOK
999 _c1562654
_d1562654